| 000 | 00732nam a22002297a 4500 | ||
|---|---|---|---|
| 005 | 20170124110146.0 | ||
| 010 | _a765354 | ||
| 020 | _c00.00 | ||
| 035 | _a765354 | ||
| 037 | _bCen Lib/Ret | ||
| 040 |
_aDPL _bEN |
||
| 082 |
_a630.4 _bSEN |
||
| 100 |
_aSen, Sudhir _933445 |
||
| 245 |
_aReaping the green revolution : _cby Sudhir Sen _bfood and jobs for all / |
||
| 260 |
_bTata McGraw-Hill Publishing Company _aNew Delhi _c1975 |
||
| 270 | _bNew Delhi | ||
| 300 |
_axx,397p. : _c20cm(Hb) _bill. |
||
| 500 | _aIncludes bibliographical references and index | ||
| 650 |
_aGreen Revolution -- Developing countries _933446 |
||
| 650 |
_aAgriculture -- Economic aspects _911506 |
||
| 942 |
_2ddc _cEN _h630.4 _mSEN |
||
| 999 |
_c132003 _d132003 |
||